| 000 | 00632cam a2200229 4500 | ||
|---|---|---|---|
| 001 | 2670295 | ||
| 005 | 20180212034235.0 | ||
| 008 | 740517s1974 caua b 001 0 eng | ||
| 010 | _a 73083527 | ||
| 020 | _a0840213018 | ||
| 040 |
_aDLC _cDLC _dDLC |
||
| 041 | _aeng | ||
| 080 | _a649.1 DOD | ||
| 082 | 0 | 0 | _a649.1 DOD |
| 100 | 1 | _a49 | |
| 101 | _aPSI | ||
| 245 | 1 | 0 |
_aHow to father. _cEdited by Jeanne Harris. With a foreword by Richard A. Gardner. Cartoons by Al Lowenheim. |
| 350 | _a$8.95 | ||
| 504 | _aIncludes bibliographical references. | ||
| 906 |
_a7 _bcbc _corignew _d2 _eopcn _f19 _gy-gencatlg |
||
| 942 |
_2ddc _cBK |
||
| 999 |
_c42296 _d42296 |
||